Ziskovosť slovenských bánk klesla od roku 2008 dramaticky

Rozdiely medzi inštitúciami slovenského bankovníctva. Vývojové tendencie slovenského bankového sektoru, zmena jeho veľkosti a ziskovosti. Náklady na provízie a poplatky, ktoré značne rastú.

Uložené v:
Podrobná bibliografia
Médium: Kapitola
Jazyk:Slovak
Predmet:
Tagy: Pridať tag
Žiadne tagy, Buďte prvý, kto otaguje tento záznam!

MARC

LEADER 00000naa a2200000 4500
001 0278805
005 20210930075244.6
041 0 |a slo 
044 |a CZ 
245 1 0 |a Ziskovosť slovenských bánk klesla od roku 2008 dramaticky 
520 |a Rozdiely medzi inštitúciami slovenského bankovníctva. Vývojové tendencie slovenského bankového sektoru, zmena jeho veľkosti a ziskovosti. Náklady na provízie a poplatky, ktoré značne rastú. 
610 2 0 |a Slovensko 
610 2 0 |a bankovníctvo 
610 2 0 |a banky 
610 2 0 |a zisk 
610 2 0 |a náklady 
610 2 0 |a provízie